| 000 | 00562nam a22001937a 4500 | ||
|---|---|---|---|
| 999 |
_c6247 _d6247 |
||
| 001 | 18986 | ||
| 003 | BD-DhUAP | ||
| 005 | 20201228104553.0 | ||
| 008 | 201228s2014 bg a|||| |||| 00| 0 eng d | ||
| 022 | _a18161081 | ||
| 040 |
_aBD-DhUAP _bEng _cBD-DhUAP _dBD-DhUAP |
||
| 082 |
_223 _a530 BAN |
||
| 245 |
_aBangladesh journal of physics / _cedited by M. Ali Asgar ... [et al.]. |
||
| 260 |
_aDhaka : _bBangladesh Physical Society, _cc2014. |
||
| 300 |
_a113 pages : _billustrations ; _c25 cm. |
||
| 650 | _aPhysics. | ||
| 700 | _aAsgar, M. Ali. | ||
| 942 |
_2ddc _cBK |
||